00254nam a22000977a 4500020001500000082001400015100001800029245005600047260004400103300000900147 a0195794354 a330.95491 aIzzud-Din Pal aPakistan,Islam, and economics: failure of modernity aNew YorkbOxford university pressc1999 a195p